000 00746nam a2200265Ia 4500
003 OSt
005 20221006151705.0
006 a|||||r|||| 00| 0
007 ta
008 221006b |||||||| |||| 00| 0 jpn d
020 _c¥1200
024 _a23,021
037 _bGift, Japan Foundation
_cTextual
040 _aEASL
_cEASL
_bjpn
041 _2jpn
_ajpn
082 _aV42:191,(zQ).N7, L6
100 _aSAKAMOTO Yoshikazu
_9657757
245 0 _aHeiwa-sono genjitsu to ninshiki
260 _aTokyo
_bMainichi Shimbunsha Japan
_c1976
300 _a286p.
_ccm.
490 _v JL
650 _aJL
942 _hV42:191,(zQ).N7, L6
_cTEXL
_2CC
999 _c1091107
_d1091107